Előadóülés. Rövid hír
Elmentve itt :
| Dokumentumtípus: | Cikk |
|---|---|
| Megjelent: |
1977-03-24
|
| Sorozat: | Délmagyarország
67 No. 070 |
| Online Access: | http://dmarchiv.bibl.u-szeged.hu/89418 |
| LEADER | 00366nab a2200133 i 4500 | ||
|---|---|---|---|
| 001 | delm89418 | ||
| 005 | 20190619094441.0 | ||
| 008 | 190604s1977 hu o 0|| hun d | ||
| 040 | |a SZTE Délmagyarország Archívum |b hun | ||
| 041 | |a hun | ||
| 245 | 0 | 0 | |a Előadóülés. Rövid hír |h [elektronikus dokumentum] |
| 260 | |c 1977-03-24 | ||
| 300 | |a 6 | ||
| 490 | 0 | |a Délmagyarország |v 67 No. 070 | |